Các văn bản quản lý và sử dụng Internet công cộng

Nội dung tài liệu dành cho các cán bộ quản lý, các chuyên viên, các doanh nghiệp cung cấp dịch vụ Internet. Tài liệu nhằm cập nhật đầy đủ các văn bản quy phạm pháp luật đã được ban hành về quản lý, cung cấp và sử dụng Internet....

Full beskrivning

Sparad:
Bibliografiska uppgifter
Institutionell upphovsman: Bộ Bưu chính, Viễn Thông
Materialtyp: Bok
Språk:Undetermined
Publicerad: Hà Nội Bưu điện 2006
Ämnen:
Taggar: Lägg till en tagg
Inga taggar, Lägg till första taggen!
Thư viện lưu trữ: Trung tâm Học liệu Trường Đại học Cần Thơ
LEADER 01181nam a2200229Ia 4500
001 CTU_142342
008 210402s9999 xx 000 0 und d
020 |c 20000 
082 |a 344.59709 
082 |b B450 
110 |a Bộ Bưu chính, Viễn Thông 
245 0 |a Các văn bản quản lý và sử dụng Internet công cộng 
245 0 |c Bộ Bưu chính, Viễn Thông 
260 |a Hà Nội 
260 |b Bưu điện 
260 |c 2006 
520 |a Nội dung tài liệu dành cho các cán bộ quản lý, các chuyên viên, các doanh nghiệp cung cấp dịch vụ Internet. Tài liệu nhằm cập nhật đầy đủ các văn bản quy phạm pháp luật đã được ban hành về quản lý, cung cấp và sử dụng Internet. 
650 |a Internet service providers,Internet,Internet 
650 |x Nhà cung cấp dịch vụ Internet,Access control,Government policy,Điều khiển truy cập,Chính sách nhà nước 
650 |z Vietnam,Việt Nam 
904 |i Trọng Hiếu 
980 |a Trung tâm Học liệu Trường Đại học Cần Thơ